Chimija plazmy. Vypusk 16 : Sbornik naučnych trudov

Salvato in:
Dettagli Bibliografici
Natura: Libro
Lingua:russo
Pubblicazione: Moskva : Energoatomizdat, 1990
Tags: Aggiungi Tag
Nessun Tag, puoi essere il primo ad aggiungerne!!

MARC

LEADER 00000nam a22000003a 4500
001 stu18166
005 20141122083024.1
008 920116s1990----xxr-----------------rus-d
040 |a STU  |b slo 
041 0 |a rus 
044 |a xxr 
080 |a 541.14 
245 |a Chimija plazmy. Vypusk 16 :  |b Sbornik naučnych trudov 
260 |a Moskva :  |b Energoatomizdat,  |c 1990 
300 |a 41 s :  |b Tab.,grafy,lit 
996 |b C88854  |c C*88854  |l CCVIIIB  |s P  |a 0  |w stu18166_0001